Rodokmen /

Hlavní autor: Brandejs, Vladimír, 1937-2005
Jazyk: Čeština
Vydáno: Hradec Králové : Kruh, 1988
Vydání: 1. vyd.
Edice: Prostor. Poezie
Externí odkaz: Digitalizovaný dokument
Fyzický popis: 117 s.
Knihy
Uloženo v:
LEADER 00973nam a22002772a 4500
001 000173125
003 CZ BrMZK
005 20111003140547.0
007 ta
008 970107s1988 xr f cze d
015 |a cnb000038886 
035 |a (OCoLC)39438771 
040 |a BOA001  |b cze 
080 |a 885.0-1  |2 MRF 
100 1 |a Brandejs, Vladimír,  |d 1937-2005  |7 jk01012979  |4 aut 
245 1 0 |a Rodokmen /  |c Vladimír Brandejs 
250 |a 1. vyd. 
260 |a Hradec Králové :  |b Kruh,  |c 1988 
300 |a 117 s. 
490 1 |a Prostor, poezie 
830 0 |a Prostor.  |p Poezie  |0 s 
856 4 1 |u http://www.digitalniknihovna.cz/mzk/uuid/uuid:08816000-5454-11e4-bc71-005056827e52  |y Digitalizovaný dokument  |x NDK 
910 |a BOA001  |b PK-0106.756  |b 2-0929.623 
990 |a BK 
996 7 |b 2619335410  |c 2-0929.623  |l MZK  |r Sklad / do 1 hodiny  |n 0  |w 000173125  |u 000020  |a 1  |e BOA001  |j MZK50  |s A 
996 7 |b 3119942387  |c PK-0106.756  |l MZK  |r Sklad / do 1 hodiny  |n 1  |w 000173125  |u 000010  |a 1  |e BOA001  |j MZK50  |s A